• 首页
  • 本馆介绍
  • 公告通知
  • 最新文献
  • 馆藏检索
  • 电子资源
  • 读者导购
  • 参考咨询
  • 我的图书馆
  • 登录
  • 详细信息显示
  • 放入我的书架
  • 预约/预借图书
  • 作者相关作品
  • 分类相关作品
  • 丛书相关作品
  • 出版社相关作品

书目信息

  • 表格格式
  • 工作单格式
  • 卡片格式
题名:
物理
    
 
作者: 哈伯-沙姆 著 ;《物理》翻译组 译
分册: 第二册  
出版信息: 北京   科学出版社  1978
页数: 233-546页
开本: 20cm
丛书名:
单 册:
中图分类: O4 , G633.7
科图分类:
主题词: 教育--各级
电子资源:
ISBN:
000 00702nam0 2200241 450
001 0532978486
005 20060727154507.92
010    @dCNY0.80
091    @a13031.807
100    @a20051202d1978 km y0chiy0120 ea
101 0  @achi
102    @aCN@b110000
102    @aCN@b110000
200 1  @a物理@Awu li@h第二册@f(美)U·哈伯-沙姆等著@F(mei)U·ha bo-sha mu deng zhu@g《物理》翻译组译@G《wu li》fan yi zu yi
210    @a北京@c科学出版社@d1978
215 1  @a233-546页@d20cm
606 0  @a教育@x各级
690    @aO4@v4
690    @aG633.7@v3
701  0 @a哈伯-沙姆@Aha bo-sha mu@4著
712  0 @a《物理》翻译组@A《wu li》fan yi zu@4译
801  0 @aCN@bPFT@c20060727
905    @a10447@dG633.7@e246:2
    
    物理.第二册/(美)U·哈伯-沙姆等著/《物理》翻译组译.-北京:科学出版社,1978
    233-546页;20cm
    
    
    ISBN :CNY0.80
    
●
相关链接 在E读中查询图书 在五车中查询图书 在当当中查询图书 在豆瓣中查询图书


正题名:物理     索取号:G633.7/246:2         预约/预借

序号 登录号 条形码 馆藏地/架位号 状态 备注
1 0000487   202350767   密集书库/ [索取号:G633.7/246:2] 在馆    
2 0000488   202323351   密集书库/ [索取号:G633.7/246:2] 在馆    
3 0000489   202323066   密集书库/ [索取号:G633.7/246:2] 在馆    
4 0000490   202350776   密集书库/ [索取号:G633.7/246:2] 在馆    
5 0000491   202350721   密集书库/ [索取号:G633.7/246:2] 在馆    
6 0000492   202350730   密集书库/ [索取号:G633.7/246:2] 在馆    
7 0000494   202323342   密集书库/ [索取号:G633.7/246:2] 在馆    
8 0000495   202178393   密集书库/ [索取号:G633.7/246:2] 在馆    
9 0000496   202178473   密集书库/ [索取号:G633.7/246:2] 在馆    
10 0000497   202320620   密集书库/ [索取号:G633.7/246:2] 在馆    
11 0000498   202323226   密集书库/ [索取号:G633.7/246:2] 在馆    
12 0000500   202323271   密集书库/ [索取号:G633.7/246:2] 在馆    
13 0000501   202350589   密集书库/ [索取号:G633.7/246:2] 在馆    
14 0000502   202323262   密集书库/ [索取号:G633.7/246:2] 在馆    
15 0000503   202323306   密集书库/ [索取号:G633.7/246:2] 在馆    
16 0000504   202178437   密集书库/ [索取号:G633.7/246:2] 在馆    
17 0000505   202323315   密集书库/ [索取号:G633.7/246:2] 在馆    
18 0426286   204262868   密集书库/ [索取号:G633.7/246:2] 在馆    
19 0426287   204262877   密集书库/ [索取号:G633.7/246:2] 在馆    
20 0432661   204326611   密集书库/ [索取号:G633.7/246:2] 在馆    
21 0440074   204400745   密集书库/ [索取号:G633.7/246:2] 在馆    
唐山师范学院图书馆 欢迎您!
大连网信软件有限公司© 版权所有